Normal view
MARC view
Entry Personal Name
001 - CONTROL NUMBER
- control field: 35279
003 - CONTROL NUMBER IDENTIFIER
- control field: OSt
005 - DATE AND TIME OF LATEST TRANSACTION
- control field: 20211105135730.0
008 - FIXED-LENGTH DATA ELEMENTS
- fixed length control field: 211105|| aca||aabn | a|a d
040 ## - CATALOGING SOURCE
- Original cataloging agency: OSt
- Transcribing agency: OSt
100 ## - HEADING--PERSONAL NAME
- Personal name: Rudnick, Lawrence, ed
670 ## - SOURCE DATA FOUND
- Source citation: Work cat.: (OSt): International Conference on Diffuse Relativistic Plasmas Bangalore 2011 Mar. 1-4 35276, Diffuse relativistic plasmas, 2012